000 01926cam a22004934i 4500
003 PE-LiUPU
005 20250731172943.0
008 150623s r 000 0 d
020 _a0915170159
035 _a(Sirsi) i9780915170159
040 _aPE-LiUPU
_bspa
_cPE-LiUPU
_erda
049 _aPRUA
082 0 4 _a229.913
_bV28
_221
100 1 _aVanderKam, James C.,
_eautor.
245 1 0 _aEnoch and the growth of an apocalyptic tradition /
_cJames C. VanderKam.
264 1 _aWashington D.C. :
_bThe Catholic Biblical Association of America,
_c1984.
300 _a217 páginas ;
_c22.5 centímetros
336 _atext
_2rdacontent
337 _aunmediated
_2rdamedia
338 _avolume
_2rdacarrier
490 0 _aThe Catholic Biblical Quarterly. Monograph series ;
_v16
504 _aIncluye bibliografía.
505 0 _aThe problems to be considered. -Biblical material about Enoch. -Divination and Apocalyptic literature. -Enoch and astronomical revelations. -Enoch in the book of watchers (1 Enoch 1-36). -The first Enochic Apocalypse with historical surveys. -An Epilogue and á Summary.
526 _aSEG42
526 _aSEG41
526 _aSEG40
526 _aSEG39
526 _aP94
526 _aP87
526 _aP86
526 _aP85
526 _aP77
526 _aP76
526 _aP35
650 0 4 _aEnoc (Figura Biblica).
650 0 4 _aLibro Etiopico de Enoc
_xCrítica, interpretación, etc.
650 0 4 _aLiteratura Apocaliptica
_xHistoria y crítica.
942 _2ddc
_cBOOK
949 _a229.913 V28
_wDEWEY
_c1
_i44666
_lCCODEBUL1
_mBUL
_r0
_sY
_tBOOK
_u2015-6-24
_xTEOLOGIA
_PP35
_0COMPRA
_o.STAFF. Colección General
994 _aC0
_bPEPRU
596 _a1
999 _a229.913 V28
_wDEWEY
_c21527
_i44666
_f2021-11-11
_g5
_lCCODEBUL1
_mBUL
_r0
_sY
_tBOOK
_u2015-6-24
_xTEOLOGIA
_PP35
_0COMPRA
_o.STAFF. Colección General
_d21527
980 _81
_gALBERTO SANCHEZ Responsable de Automatización